MARC

LEADER 00000nam0a2200000 4500
001 177945
005 20231031165746.0
035 |a (RuTPU)RU\TPU\book\192923 
090 |a 177945 
100 |a 20100330d1941 m y0rusy50 ca 
101 0 |a rus 
102 |a RU 
105 |a a z 001zy 
200 1 |a Полезные ископаемые Кольского полуострова  |e современное состояние, анализ, прогноз  |f А. Е. Ферсман 
210 |a Ленинград  |c Изд-во Академии наук СССР  |d 1941 
215 |a 346 с.  |c ил. 
225 1 |a Труды Комиссии по проблемам минерального сырья. Сер. Региональная  |v Вып. 1 
320 |a Указатель минералов: с. 329-334. 
320 |a Указатель географических названий: с. 335-342. 
320 |a Библиография: с. 265-328. 
610 1 |a полезные ископаемые 
610 1 |a Кольский полуостров 
610 1 |a состояние 
610 1 |a анализ 
610 1 |a прогноз 
610 1 |a геохимия 
610 1 |a минеральное сырье 
610 1 |a горно-химические производства 
610 1 |a химическая промышленность 
610 1 |a научные исследования 
675 |a 55  |v 3 
700 1 |a Ферсман  |b А. Е.  |c российский геохимик  |f 1883-1945  |g Александр Евгеньевич  |2 stltpush  |3 (RuTPU)RU\TPU\pers\12109 
801 1 |a RU  |b 63413507  |c 20100330 
801 2 |a RU  |b 63413507  |c 20110214  |g RCR 
942 |c BK